Director - Actor Combo - Statistics

General Stats
  • This quiz has been taken 34 times
  • The average score is 4 of 10
Answer Stats
Director Actor Answer % Correct
Quentin Tarantino Jamie Foxx Django Unchained
88%
Christopher Nolan Guy Pearce Memento
81%
Matt Reeves Robert Pattinson The Batman
81%
Stanley Kubrick Tom Cruise Eyes Wide Shut
69%
Denis Villeneuve Hugh Jackman Prisoners
47%
Marc Forster Brad Pitt World War Z
28%
Martin Scorsese Griffin Dunne After Hours
16%
Rupert Wyatt James Franco Rise of the Planet of the Apes
13%
John Carpenter Jeff Bridges Starman
6%
Andy Serkis Andrew Garfield Breathe
3%
No matching quizzes found
Score Distribution
Percent of People with Each Score
Percentile by Number Answered
Your Score History
You have not taken this quiz